Указатели к изданию И.Е. Забелина "Домашний быт русских царей и цариц в XVI и XVII столетиях". Тома I (части 1 и 2), II (Запись № 1361037)

Подробности
000 -МАРКЕР
контрольное поле 01510nam0a2200289 4500
001 - ИДЕНТИФИКАТОР ЗАПИСИ
контрольное поле RU\NLR\bibl\540085
005 - ИДЕНТИФИКАТОР ВЕРСИИ
контрольное поле 20260406010240.0
010 ## - МЕЖДУНАРОДНЫЙ СТАНДАРТНЫЙ НОМЕР КНИГИ (ISBN)
Номер (ISBN) 5-94457-113-6
035 ## - ДРУГИЕ СИСТЕМНЫЕ НОМЕРА
Идентификатор записи (NLR Aleph) 000532334
100 ## - ДАННЫЕ ОБЩЕЙ ОБРАБОТКИ
Данные общей обработки 20040714d2003 |||y0rusy50 ca
101 0# - ЯЗЫК РЕСУРСА
Язык текста, звукозаписи и т.д. русский
102 ## - СТРАНА ПУБЛИКАЦИИ ИЛИ ПРОИЗВОДСТВА
Страна публикации Российская Федерация
105 ## - ПОЛЕ КОДИРОВАННЫХ ДАННЫХ: ТЕКСТОВЫЕ МАТЕРИАЛЫ, МОНОГРАФИЧЕСКИЕ
Кодированные данные о монографическом текстовом документе y |||||||||
200 1# - ЗАГЛАВИЕ И СВЕДЕНИЯ ОБ ОТВЕТСТВЕННОСТИ
Основное заглавие Указатели к изданию И.Е. Забелина "Домашний быт русских царей и цариц в XVI и XVII столетиях". Тома I (части 1 и 2), II
Первые сведения об ответственности [Сост. А.В. Лаврентьев]
210 ## - ПУБЛИКАЦИЯ, РАСПРОСТРАНЕНИЕ И ДР.
Место издания, распространения и т.д. М.
Имя издателя, распространителя и т. д. Яз. слав. культуры
Место издания, распространения и т.д. Кошелев
Дата издания, распространения и т.д. 2003
215 ## - ФИЗИЧЕСКАЯ ХАРАКТЕРИСТИКА
Специфическое обозначение материала и объем 111 с.
Размеры 22
604 ## - ИМЯ И ЗАГЛАВИЕ КАК ПРЕДМЕТ
Связываемые данные 700#1$aЗабелин$bИ. Е.$f1820-1908$gИван Егорович$4070
-- 5011#$aДомашний быт русских царей и цариц в XVI и XVII столетиях$2psbo
Имя лица Забелин, Иван Егорович (1820-1908)
Заглавие Домашний быт русских царей и цариц в XVI и XVII столетиях
606 0# - НАИМЕНОВАНИЕ ТЕМЫ КАК ПРЕДМЕТ
Наименование темы Придворный быт
Формальный подзаголовок Указатели
Географический подзаголовок Россия
Хронологический подзаголовок 16 - 17 вв.
Системный номер авторитетной/нормативной записи 2079196
Идентификатор авторитетной/нормативной записи RU\NLR\auth\661255071
686 ## - ИНДЕКСЫ ДРУГИХ КЛАССИФИКАЦИЙ
Индекс Т3(2)44я2
686 ## - ИНДЕКСЫ ДРУГИХ КЛАССИФИКАЦИЙ
Индекс Т3(2)461я2
702 #1 - ИМЯ ЛИЦА - ВТОРИЧНАЯ ОТВЕТСТВЕННОСТЬ
Код отношения Составитель
Материалы, к которым относится поле rus
Графика поля Кириллица
Начальный элемент ввода Лаврентьев
Часть имени, кроме начального элемента ввода А. В.
Дополнения к именам, кроме дат канд. ист. наук
Расширение инициалов личного имени Александр Владимирович
Идентификатор авторитетной/нормативной записи RU\NLR\auth\77115720
Системный номер авторитетной/нормативной записи 98645
801 #0 - ИСТОЧНИК ЗАПИСИ
Страна Российская Федерация
Организация NLR
Дата составления 20040714
Правила каталогизации PSBO
801 #1 - ИСТОЧНИК ЗАПИСИ
Страна Российская Федерация
Организация NLR
Дата составления 20040714
942 ## - ДОПОЛНИТЕЛЬНЫЕ ЭЛЕМЕНТЫ ЗАПИСИ (АБИС)
Тип экземпляра АБИС Книга
980 ## - КОЛЛЕКЦИЯ
Название коллекции Национальная библиография
Экземпляры
Тип экземпляра Дата поступления Источник поступления Стоимость Библиотека постоянного хранения Библиотека текущего хранения Место хранения Шифр хранения Штрих-код Статус экземпляра
Книга 14.07.2004 Покупка 100.00 РНБ (Московский) РНБ (Московский) Русский книжный фонд: издания с 1957 года 2001-5/55 1-1869531  
Книга 14.07.2004 Покупка 100.00 РНБ (Московский) РНБ (Московский) Фонд общего зала социально-экономической литературы С1 Т3(2)45/З-122 1-424960  
Книга 06.12.2017     РНБ (Московский) РНБ (Московский) Русский книжный фонд: издания с 1957 года 2001-5/55 1-2013895  
Книга 14.07.2004 Подсобные фонды РНБ   РНБ (Фонтанка) РНБ (Фонтанка) Юношеский читальный зал   724498